000 00562nam a22001697a 4500
003 OSt
005 20240926004854.0
008 240926b |||||||| |||| 00| 0 eng d
040 _c0
082 _aDPer 050 R22 2000 January-May 2023 v123 no. 719-723
100 _aPearson, Patricia.
_eauthor.
_961667
245 _aThe perfect salon? :
_ba barbershop /
_cPatricia Pearson.
260 _aTaipei ;
_bReader's Digest Asia,
_cFebruary 2023.
300 _aVolume 123, pages 70-72 ,
_b illustration.
700 _aPearson, Patricia.
_eauthor.
_961667
942 _2ddc
_cPER
999 _c21880
_d21880